| 000 | 00465nam a2200181Ia 4500 | ||
|---|---|---|---|
| 008 | 230917s9999||||xx |||||||||||||| ||und|| | ||
| 020 | _cRS1195 | ||
| 040 |
_e233119 _aMAIN |
||
| 041 | _aEnglish | ||
| 082 | _a152 C197P(11) | ||
| 100 | _aCarlson, Neil R | ||
| 245 | 0 | _aPhysiology of behaviour | |
| 250 | _a11th ed. | ||
| 260 |
_aNoida _bPearson Education _c2015 |
||
| 300 | _a715 p. | ||
| 500 | _a2324 16/05/2016 FP16/7794 17/05/2016 Main Budget | ||
| 942 | _cBK | ||
| 999 |
_c18683 _d18683 |
||